000 00964pamaa22003011i 4500
001 2049741
003 EG-GICUC
005 20260514125343.0
008 930514s1994 njua jrb 000 0 eng
010 _a 93008629
020 _a0133341860
020 _a9780133341867
040 _aDLC
_cDLC
_dDLC
_dEG-GICUC
_beng
_erda
082 0 0 _a006.32
_221
_bF2748
092 0 4 _221
_bF2748
099 _a006.32 F2748
100 1 _aFausett, Laurene V.
_eAuthor.
245 1 0 _aFundamentals of neural networks :
_barchitectures, algorithms, and applications /
_c Laurene Fausett.
264 _aNew York
_bAnchor Books
_c1994
300 _axvi, 461 pages :
_billustration ;
_c24 cm.
336 _atext
_btxt
_2rdacontent
337 _aunmediated
_bn
_2rdamedia
338 _avolume
_bnc
_2rdacarrier
504 _aIncludes bibliographical references (p. 437-447) and index.
650 1 0 _aNeural networks (Computer science)
905 _aHany
942 _2ddc
_cBK
_e21
_n0
999 _c180058
_d180058